000 00836nam a2200265Ia 4500
001 Z_2249
003 CHAP
008 220113s1994 xx 000 0 und d
010 _a165305
040 _cCHAP
090 _aTesis S 914
100 _aLópez Pérez, Adrián Javier
_9139243
245 _aAporte a la difusión de información sobre agricultura sostenible /
_cpor Adrian Javier López Pérez y Héctor Serrano López
260 _aChapingo, Méx. :
_bEl autor,
_c1994
300 _a567 h.
502 _aTesis (Ing. Agr. Esp. En Fitotecnia y Zootecnia) -- UACH. Departamento de Fitotecnia y Zootecnia
650 _aAgricultura sustentable
_xBibliografía
_92012
700 _aSerrano López, Héctor
_9105219
901 _aTESIS S 914
902 _aM
910 _a1994
942 _c2
942 _c2
999 _c165305
_d165305